[Event "Rosario Bandera Memorial"]
[Site "Rosario"]
[Date "2017.06.20"]
[Round "7"]
[White "Benvenutto, Federico"]
[Black "Decoppet, Nestor"]
[Result "1-0"]
[WhiteElo "1644"]
[BlackElo "1733"]
[PlyCount "93"]
[EventDate "2017.06.17"]
[EventType "swiss"]
[EventRounds "7"]
[EventCountry "ARG"]
[SourceTitle "EXT 2018"]
[Source "ChessBase"]
[SourceDate "2017.10.13"]
[SourceVersion "1"]
[SourceVersionDate "2017.10.13"]
[SourceQuality "1"]

1. d4 d5 2. c4 e5 3. dxe5 d4 4. Nf3 Nc6 5. g3 Nge7 6. e3 Bg4 7. exd4 Bxf3 8. Qxf3 Nxd4 9. Qe4 Ng6 10. Be3 Nc6 11. f4 Bb4+ 12. Nc3 Qe7 13. Bg2 h5 14. 0-0 Bxc3 15. bxc3 Nd8 16. Rab1 h4 17. Rxb7 Nxb7 18. Qc6+ Qd7 19. Qxb7 0-0 20. Bxa7 hxg3 21. hxg3 Qg4 22. Bf2 Rxa2 23. Qxc7 Rc2 24. c5 Rxc3 25. c6 Rc8 26. Qd7 Qxd7 27. cxd7 Rd8 28. Rd1 Nf8 29. Bh3 Rb3 30. Be1 Rb7 31. Ba5 Rbxd7 32. Bxd7 Rxd7 33. Rxd7 Nxd7 34. Bb4 Kh7 35. Kf2 g5 36. Kf3 gxf4 37. gxf4 Nb8 38. Ke4 Na6 39. Bd6 Kg6 40. f5+ Kg5 41. f6 Kg6 42. Kd5 Kf5 43. Kc6 Ke6 44. Kb6 Nb4 45. Bxb4 Kxe5 46. Be7 Ke6 47. Kc6 1-0

[Event "Rosario Bandera Memorial"]
[Site "Rosario"]
[Date "2017.06.17"]
[Round "2"]
[White "Petti, Luca Giovanni"]
[Black "Benvenutto, Federico"]
[Result "0-1"]
[WhiteElo "1252"]
[BlackElo "1644"]
[PlyCount "46"]
[EventDate "2017.06.17"]
[EventType "swiss"]
[EventRounds "7"]
[EventCountry "ARG"]
[SourceTitle "CBM 179 Extra"]
[Source "ChessBase"]
[SourceDate "2017.08.23"]
[SourceVersion "1"]
[SourceVersionDate "2017.08.23"]
[SourceQuality "1"]

1. e4 c5 2. Nf3 d6 3. d4 cxd4 4. Nxd4 Nf6 5. Nc3 e6 6. Bc4 Nc6 7. Be3 Be7 8. Qd2 Ng4 9. f3 Nxe3 10. Qxe3 Qb6 11. 0-0-0 a6 12. Rhe1 0-0 13. g4 h6 14. f4 Ne5 15. fxe5 Bg5 16. Qd2 Bxd2+ 17. Rxd2 dxe5 18. Nf3 Qc5 19. Bb3 b5 20. Rg2 a5 21. a3 g6 22. h4 Bd7 23. g5 h5 0-1